1828 1785 1654 1145 1963 1274 1920 1611 1580 1899 1757 1273 1981 1390 1627 1142 1798 1980 1625 1895 1770 1878 1697 1910 1334 1512 1033 1062 1189 1654 1035 1269 1724 1283 1374 1937 1347 1833 1303 1321 1551 1728 1618 1598 1244 1623 1049 1112 1141 1121 1574 1659 1872 1967 1234 1813 1120 1370 1332 1545 1220 1856 1059 1041 1363 1716 1220 1859 1867 1267 1112 1886 1621 1971 1222 1528 1684 1712 1352 1945 1918 1653 1035 1230 1337 1001 1577 1682 1142 1149 1168 1808 1062 1596 1274 1129 1200 1329 1293 BCNSPRNW ULIB Ver.6.0+V

เปลี่ยนเป็นภาษาไทย

Change to English
 แสดงรายละเอียดบรรณานุกรม
  กลับหน้าหลัก

Brief Record : Get Marc (ISO 2709) : E-mail record : QR code < ปิดหน้าต่าง
LEADER : 00000nam 2200000uu 4500
001    13399112938
003     ULIB
008    110919s2551||||th 000 0 tha d
020    9789741386062
050  4 LB2369^bท226ท 2551
100 0  ทวีศักดิ์ นพเกษร
245 10 เทคนิคการนำเสนอด้วยวาจา /^cทวีศักดิ์ นพเกษร
250    พิมพ์ครั้งที่ 2
260    พิษณุโลก :^bชมรมพยาบาลชุมชนแห่งประเทศไทยและภาควิชาเวชศาสตร์ชุมชน คณะแพทยศาสตร์ มหาวิทยาลัยนเรศวร,^c2551
300    103 หน้า :^bภาพประกอบ ;^c21 ซม.
650  4 การพูดในชุมนุมชน
650  4 การพูด
710 2  มหาวิทยาลัยนเรศวร. ^bคณะแพทยศาสตร์
710 2  ชมรมพยาบาลชุมชนแห่งประเทศไทย
945    ^p180^l0^i024379
945    ^p180^l0^i024380
945    ^p180^l0^i026064
945    ^p180^l0^i026065
945    ^p180^l0^i026420
995    ทศพร
999 ^a ทศพร
รายการนี้ยังไม่มีแท็ก
คุณยังไม่ได้ล็อกอิน คุณสามารถมีกิจกรรมร่วมกับเว็บไซต์ได้ แต่ต้องล็อกอินก่อน ::
  ล็อกอิน

รายการสื่อสารสนเทศ

ลำดับที่ ประเภท เลขเรียก/บาร์โค้ด สถานที่ สถานะ
- ไม่พบข้อมูล -

รายการใกล้เคียง
    ผู้แต่ง [ทวีศักดิ์ นพเกษร]

    หัวเรื่อง [การพูดในชุมนุมชน]
    หัวเรื่อง [การพูด]

BibComment


ยังไม่เคยถูกคอมเมนท์

คอมเมนท์ทรัพยากรรายการนี้
  คอมเมนท์: เทคนิคการนำเสนอด้..


 Copyright 2026. Bcnsprnw @Library